Top 35 krajów z najlepszą opieką zdrowotną wg WHO - Statystyki

Ogólne statystyki
  • Ten quiz został rozwiązany 47 razy
  • Średni wynik to 29 z 35
Statystyki odpowiedzi
Miejsce Kraj % Poprawnych
1 Kanada
100%
31 Polska
100%
12 USA/Stany Zjednoczone
100%
13 Finlandia
98%
17 Szwecja
98%
9 Austria
96%
22 Austria
96%
26 Japonia
96%
5 Niemcy
96%
8 Norwegia
96%
24 Czechy
93%
21 Francja
93%
16 Hiszpania
93%
6 Portugalia
93%
10 Szwajcaria
93%
33 Dania
91%
7 Wielka Brytania
91%
27 Luksemburg
89%
14 Belgia
87%
20 Nowa Zelandia
87%
19 Holandia
84%
25 Włochy
84%
2 Islandia
82%
3 Korea Południowa
82%
35 Słowacja
82%
29 Irlandia
80%
4 Singapur
73%
23 Słowenia
71%
11 Monako
67%
15 Izrael
64%
34 Zjednoczone Emiraty Arabskie/ZEA
62%
18 Malta
60%
32 Tajlandia
49%
30 Chile
44%
28 Kuba
24%
Nie znaleziono quizów pasujących do podanych kryteriów
Rozkład punktacji
Procent ludzi z każdym wynikiem
Percentyl według liczby udzielonych odpowiedzi
Twoja historia wyników
Nie rozwiązałeś tego quizu